Aqua Group guide to procurement tendering and contract administration (Record no. 105969)

MARC details
000 -LEADER
fixed length control field 01789cam a2200313 4500
001 - CONTROL NUMBER
control field ##E135254
008 - FIXED-LENGTH DATA ELEMENTS--GENERAL INFORMATION
fixed length control field 061009n2006 000 0 eng u
020 ## - INTERNATIONAL STANDARD BOOK NUMBER
International Standard Book Number 9781405131988
035 ## - SYSTEM CONTROL NUMBER
System control number (Sirsi) u135254
041 0# - LANGUAGE CODE
Language code of text/sound track or separate title eng
050 04 - LIBRARY OF CONGRESS CALL NUMBER
Classification number 692.8 $2 18
110 2# - MAIN ENTRY--CORPORATE NAME
Corporate name or jurisdiction name as entry element Aqua Group
9 (RLIN) 865
245 00 - TITLE STATEMENT
Title Aqua Group guide to procurement tendering and contract administration
250 ## - EDITION STATEMENT
Edition statement 1st edition
260 ## - PUBLICATION, DISTRIBUTION, ETC.
Place of publication, distribution, etc. Oxford
Name of publisher, distributor, etc. Blackwell Publishing
Date of publication, distribution, etc. 2006
300 ## - PHYSICAL DESCRIPTION
Extent xxi, 378p.
Dimensions 25cm.
350 ## - PRICE (NR) (BK AM CF MU VM SE) [OBSOLETE]
Price 24.99
520 ## - SUMMARY, ETC.
Summary, etc. Merging of three established books written by the Aqua Group - a highly respected group of quantity surveyors and architects. It has been edited, enlarged and updated into a single volume by Davis Langdon and now covers the entire building process from inception through to final account. Covers: - the briefing stage; - procurement methods; - tendering procedures; and - contract administration. Throughout, the emphasis is on current best practice and the book draws from the widely used Joint Contracts Tribunal (JCT) series of contracts, notably the 2005 edition of the Standard Building Contract. Provides a detailed account of the building team's roles and responsibilities, and industry practice required to ensure that projects meet clients' expectations in respect of time, cost and quality.
520 ## - SUMMARY, ETC.
Summary, etc. Revised and updated from "Tenders and contracts for building" (3rd edition 1975, 1982 ,1990, 1999) and "Pre-contract practice and contract administration" (2003)
520 ## - SUMMARY, ETC.
Summary, etc. Superseded by 2 ed ISBN 9781118346549
590 ## - LOCAL NOTE (RLIN)
Local note IKA171006
651 #4 - SUBJECT ADDED ENTRY--GEOGRAPHIC NAME
Geographic name United Kingdom
Chronological subdivision
690 ## - LOCAL SUBJECT ADDED ENTRY--TOPICAL TERM (OCLC, RLIN)
Topical term or geographic name as entry element Procurement
9 (RLIN) 6260
700 1# - ADDED ENTRY--PERSONAL NAME
Personal name Hackett, Mark
Relator term editor
700 1# - ADDED ENTRY--PERSONAL NAME
Personal name Robinson, Ian
Relator term editor
700 1# - ADDED ENTRY--PERSONAL NAME
Personal name Statham, Gary
Relator term editor
942 ## - ADDED ENTRY ELEMENTS (KOHA)
Suppress in OPAC 0
Holdings
Withdrawn status Lost status Source of classification or shelving scheme Damaged status Not for loan Home library Current library Shelving location Date acquired Total Checkouts Full call number Barcode Date last seen Date last checked out Copy number Price effective from Koha item type
    Dewey Decimal Classification     London London Basement 10/09/2012 1 BASEMENT 30077496 06/08/2019 22/01/2016 3 06/08/2019 Book